Najdrożsi piłkarze Ligue 1! - Statystyki

Ogólne statystyki
  • Ten quiz został rozwiązany 63 razy
  • Średni wynik to 11 z 50
Statystyki odpowiedzi
Wartość rynkowa Narodowość Zawodnik % Poprawnych
160,00 mln € Francja Mbappe
100%
110,00 mln € Brazylia Neymar
98%
60,00 mln € Włochy Verratti
72%
24,00 mln € Argentyna Di Maria
61%
70,00 mln € Brazylia Marquinhos
60%
40,00 mln € Francja Kimpembe
54%
45,00 mln € Holandia Depay
42%
55,00 mln € Argentyna Icardi
42%
30,00 mln € Kanada David
39%
40,00 mln € Francja Ben Yedder
37%
22,00 mln € Polska Milik
32%
20,00 mln € Argentyna Paredes
30%
23,00 mln € Rosja Golovin
28%
28,00 mln € Portugalia Sanches
26%
25,00 mln € Brazylia Paqueta
23%
22,00 mln € Dania Dolberg
21%
20,00 mln € Niemcy Draxler
21%
18,00 mln € Senegal Gueye
21%
35,00 mln € Włochy Kean
19%
60,00 mln € Francja Camavinga
18%
25,00 mln € Niemcy Kehrer
18%
28,00 mln € Niemcy Volland
18%
20,00 mln € Turcja Celik
16%
25,00 mln € Hiszpania Sarabia
16%
28,00 mln € Francja Thauvin
16%
50,00 mln € Francja Aouar
14%
18,00 mln € Brazylia Mendes
14%
25,00 mln € Francja Bamba
12%
30,00 mln € Francja Ikone
12%
20,00 mln € Portugalia Martins
12%
20,00 mln € Turcja Yazici
12%
28,00 mln € Holandia Botman
11%
25,00 mln € Belgia Denayer
11%
25,00 mln € Senegal Diallo
11%
24,00 mln € Portugalia Pereira
11%
25,00 mln € Chorwacja Caleta-Car
9%
27,00 mln € Francja Gouiri
9%
25,00 mln € Francja Maignan
9%
18,00 mln € Senegal Diatta
7%
20,00 mln € Belgia Doku
7%
28,00 mln € Brazylia Guimaraes
7%
37,00 mln € Francja Kamara
7%
28,00 mln € Francja Badiashile
5%
25,00 mln € Francja Cherki
5%
18,00 mln € Francja Disasi
5%
22,00 mln € Francja Reine-Adelaide
4%
17,00 mln € Francja Saliba
4%
18,00 mln € Francja Simakan
4%
23,00 mln € Francja Soumare
4%
25,00 mln € Francja Tchoumeni
2%
Nie znaleziono quizów pasujących do podanych kryteriów
Rozkład punktacji
Procent ludzi z każdym wynikiem
Percentyl według liczby udzielonych odpowiedzi
Twoja historia wyników
Nie rozwiązałeś tego quizu